Leyes Nos 20.101 a 20.125 decreto con fuerza de ley tratados internacionales, sumario

Saved in:
Bibliographic Details
Format: Book
Language:Spanish
Published: Santiago Jurídica de Chile 2007
Edition:1a. ed
Series:Colección Textos Legales, 176
Subjects:
Tags: Add Tag
No Tags, Be the first to tag this record!

MARC

LEADER 00000nam a2200000 a 4500
001 UCI3522
003 CL-VaPUC
008 071109e20070000CL |||||||||||||||||spa|d
020 |a 9789561018044 
082 0 4 |a 348.022  |b LEY  |2 21 
245 1 0 |a Leyes Nos 20.101 a 20.125 decreto con fuerza de ley tratados internacionales, sumario 
250 |a 1a. ed 
300 |a 208 p 
942 |c BK 
945 |d 20071109 00:00:00  |a jtorresc 
260 |a Santiago  |b Jurídica de Chile  |c 2007 
650 0 |a Derecho y legislación   |9 255077 
650 7 |a DECRETOS CON FUERZA DE LEY  |2 CL-VaPUC  |9 389939 
650 7 |a DECRETOS SUPREMOS  |2 CL-VaPUC  |9 396008 
583 |a last modification  |c 20071109 00:00:00  |k Rodrigo Vera 
490 0 |a Colección Textos Legales, 176 
999 |c 327675  |d 327673